| 000 | 01177nam a2200325 i 4500 | ||
|---|---|---|---|
| 003 | EG-GICUC | ||
| 005 | 20260221104949.0 | ||
| 008 | 260116s1998 ua |||fr|||| 00| 0 ara d | ||
| 017 | _a8427 | ||
| 040 |
_a EG-GICUC _bara _c EG-GICUC _d EG-GICUC _erda |
||
| 041 | 0 | _aAra | |
| 082 | 0 | 4 |
_221 _a343.451 _bع ب . ش |
| 092 | 0 | 4 | _221 |
| 099 | _aLaw1 10 343.451 ع ب . ش 1998 | ||
| 100 | 0 |
_aعبدالفتاح مراد _eمؤلف. |
|
| 245 | 1 | 0 |
_aشرح تشريعات الغش= _bExplication des Lois de la fraude / _cتأليف المستشار الدكتور عبدالفتاح مراد. |
| 264 | 1 |
_aإسكندرية : _bمنشأة المعارف، _c1998. |
|
| 300 |
_a150 صفحة؛ _c24 سم. |
||
| 336 |
_2rda content _atext |
||
| 337 |
_2rda media _aComputer |
||
| 338 |
_2rda carrier _aOnline Resource |
||
| 504 | _a ببليوجرافيا: صفحات1429-1430. | ||
| 546 | _aالنص باللغة العربية | ||
| 650 | 1 |
_aقمع الغش والتدليس _2qrmak |
|
| 650 | 1 |
_aالقانون الجنائى _2qrmak |
|
| 651 | 1 | _2qrmak | |
| 856 | 4 | 0 | _uhttps://fll.law.cu.edu.eg/fulltext/bks/B10-06632.pdf |
| 905 |
_a54 _eYara |
||
| 942 |
_2ddc _cBK _e21 _n0 |
||
| 999 |
_c57273 _d57273 |
||